[Event "Mittelfr. EM 2019 - NT"]
[Site "Nürnberg"]
[Date "2019.04.19"]
[Round "5.4"]
[White "Riexinger, Martin"]
[Black "Luther, Helmut"]
[Result "0-1"]
[WhiteElo "1800"]
[BlackElo "2008"]
[PlyCount "88"]
[EventDate "2019.??.??"]
[WhiteTeam "SW Nürnberg Süd"]
[BlackTeam "SW Nürnberg Süd"]

1. d4 d5 2. c4 e6 3. Nc3 Nf6 4. Bg5 Nbd7 5. Nf3 c6 6. e3 Qa5 7. Bxf6 Nxf6 8. c5
Be7 9. Bd3 O-O 10. O-O Qc7 11. Qc2 Re8 12. b4 Bf8 13. Ne5 g6 14. b5 Bg7 15. Qa4
Nd7 16. Nxd7 Bxd7 17. bxc6 Bxc6 18. Bb5 Reb8 19. Rab1 e5 20. g3 exd4 21. exd4
a6 22. Bxc6 bxc6 23. Rb3 Rxb3 24. axb3 a5 25. Rd1 Rb8 26. Na2 Qb7 27. Qxa5 Qxb3
28. Rd2 Qb1+ 29. Kg2 Qe4+ 30. f3 Qe1 31. Qc3 Rb1 32. Kh3 Ra1 33. Qd3 Bh6 34. f4
Qe6+ 35. Kg2 Re1 36. Nc3 Re3 37. Qc2 Bg7 38. Ne2 Qg4 39. Ng1 h5 40. Rd3 Qe6 41.
Kf2 Qe4 42. Rd2 Bxd4 43. Qxe4 Rxe4+ 44. Kg2 Bxg1 0-1

[Event "Mittelfr. EM 2019 - NT"]
[Site "Nürnberg"]
[Date "2019.04.19"]
[Round "5.5"]
[White "Diebel, Günter"]
[Black "Babichev, Vyacheslav"]
[Result "0-1"]
[WhiteElo "1854"]
[BlackElo "1783"]
[PlyCount "81"]
[EventDate "2019.??.??"]
[WhiteTeam "SW Nürnberg Süd"]
[BlackTeam "SW Nürnberg Süd"]

1. e4 g6 2. d4 Bg7 3. Nf3 d6 4. Be3 Nf6 5. Bd3 Ng4 6. h3 Nxe3 7. fxe3 O-O 8.
Nc3 e5 9. d5 Nd7 10. Qe2 Nc5 11. O-O-O Nxd3+ 12. Qxd3 a5 13. g4 b6 14. a4 Ba6
15. Qd2 h6 16. h4 Qd7 17. Rdg1 b5 18. b3 Rfb8 19. h5 g5 20. Nxg5 hxg5 21. h6
Bf8 22. Qf2 bxa4 23. Qf6 Kh7 24. Nxa4 Qe7 25. Qf5+ Kh8 26. Rh5 Bc8 27. Qf3 Bd7
28. Rf1 f5 29. gxf5 Be8 30. Rh2 Qf6 31. Rg1 Kh7 32. Qg4 Be7 33. Rgh1 Bxa4 34.
bxa4 Rb4 35. Qh5 Rg8 36. Qg4 Rxa4 37. Kd2 Rb4 38. Kc3 c5 39. Ra1 a4 40. Kd3 c4+
41. Ke2 {Rest unklar} 0-1

[Event "Mittelfr. EM 2019 - NT"]
[Site "Nürnberg"]
[Date "2019.04.19"]
[Round "5.6"]
[White "Ott, Hans"]
[Black "Süß, Helmut"]
[Result "1/2-1/2"]
[WhiteElo "1475"]
[BlackElo "1851"]
[PlyCount "47"]
[EventDate "2019.??.??"]
[WhiteTeam "Zabo-Eintracht Nürnberg"]
[BlackTeam "SC Noris-Tarrasch Nürnberg"]

1. e4 c6 2. d4 d5 3. e5 Bf5 4. Nf3 e6 5. Nbd2 Nd7 6. Nb3 a5 7. a4 h6 8. Bd3
Bxd3 9. Qxd3 Ne7 10. O-O Ng6 11. Nfd2 Nf4 12. Qe3 g5 13. g3 Nh5 14. Qe2 Ng7 15.
f4 Be7 16. g4 gxf4 17. Rxf4 Bg5 18. Rf2 Bh4 19. Rf1 h5 20. Qf3 Qe7 21. h3 hxg4
22. hxg4 Rg8 23. Kh2 Rh8 24. Kg2 1/2-1/2

[Event "Mittelfr. EM 2019 - NT"]
[Site "Nürnberg"]
[Date "2019.04.19"]
[Round "5.7"]
[White "Gajewski, Richard"]
[Black "Weißmann, Peter"]
[Result "0-1"]
[WhiteElo "1681"]
[BlackElo "1756"]
[PlyCount "86"]
[EventDate "2019.??.??"]
[WhiteTeam "Wolframs-Eschenbach"]
[BlackTeam "SGem Fürth"]

1. e4 c5 2. Nc3 Nc6 3. f4 d6 4. Bc4 e6 5. Nf3 g6 6. O-O Bg7 7. Ne2 Nge7 8. c3
d5 9. exd5 exd5 10. Bb5 Qb6 11. Bxc6+ Nxc6 12. d4 cxd4 13. cxd4 O-O 14. Kh1 Bg4
15. Ne5 Bxe2 16. Qxe2 Qxd4 17. Be3 Qe4 18. Qd3 Nxe5 19. Qxe4 dxe4 20. fxe5 Bxe5
21. Rab1 b6 22. b3 f5 23. g3 Rfd8 24. Rf2 Bd4 25. Bxd4 Rxd4 26. Re1 Rad8 27.
Ree2 Kf7 28. Kg2 Ke6 29. h4 Ke5 30. Kh3 Rc8 31. Kg2 Rc3 32. Rc2 Rdd3 33. Rxc3
Rxc3 34. Rd2 Rd3 35. Rc2 Rd7 36. Kf2 h6 37. Rc6 Rd6 38. Rc7 a6 39. b4 Kd4 40.
a4 g5 41. hxg5 hxg5 42. b5 axb5 43. axb5 Rd5 0-1

[Event "Mittelfr. EM 2019 - NT"]
[Site "Nürnberg"]
[Date "2019.04.19"]
[Round "5.8"]
[White "Reichel, Rolf"]
[Black "Majid, Hakim"]
[Result "1-0"]
[WhiteElo "1743"]
[BlackElo "1588"]
[PlyCount "107"]
[EventDate "2019.??.??"]
[WhiteTeam "SC Röthenbach/Pegnitz"]
[BlackTeam "SW Nürnberg Süd"]

1. e4 e5 2. Nf3 d6 3. Bc4 Be7 4. O-O Nf6 5. d3 O-O 6. h3 Nc6 7. a3 Bd7 8. Be3
Qc8 9. Kh2 Nd8 10. Nc3 c6 11. Qd2 Ne6 12. d4 exd4 13. Nxd4 Nc5 14. f3 g6 15.
Qe2 Nh5 16. g4 Ng7 17. Qf2 b6 18. Be2 Bf6 19. f4 Nce6 20. Rad1 Be7 21. f5 Nc5
22. f6 Bd8 23. fxg7 Kxg7 24. b4 Nb7 25. Nf3 c5 26. bxc5 dxc5 27. Nd5 Bc6 28. c4
Nd6 29. Bd3 Qb8 30. Kg2 a6 31. Qb2+ f6 32. Rf2 Ne8 33. Rdf1 Bxd5 34. exd5 Qd6
35. Ng5 Bc7 36. Ne6+ Kg8 37. Bf4 Qd7 38. Nxf8 Kxf8 39. Bxc7 Qxc7 40. Qe2 Kg7
41. Re1 Kh8 42. Qe7 Qxe7 43. Rxe7 Rd8 44. Rfe2 Nd6 45. Ra7 b5 46. cxb5 axb5 47.
Ree7 c4 48. Rxh7+ Kg8 49. Bxg6 c3 50. Rhd7 Rxd7 51. Rxd7 Nc4 52. Ra7 Ne3+ 53.
Kf3 Nxd5 54. Bf7+ 1-0

[Event "Mittelfr. EM 2019 - NT"]
[Site "Nürnberg"]
[Date "2019.04.19"]
[Round "5.9"]
[White "Walter, Manfred"]
[Black "Schaller, Michael"]
[Result "1-0"]
[WhiteElo "1784"]
[BlackElo "1328"]
[PlyCount "75"]
[EventDate "2019.??.??"]
[WhiteTeam "SV Lauf"]
[BlackTeam "SW Nürnberg Süd"]

1. d4 d5 2. Nc3 Nf6 3. Bf4 c6 4. e3 e6 5. Nf3 Bd6 6. Ne5 O-O 7. Bd3 Nbd7 8.
Nxf7 Rxf7 9. Bxd6 Nb6 10. Bg3 Nc4 11. Qc1 Nh5 12. b3 Nxg3 13. hxg3 Nd6 14.
Bxh7+ Kf8 15. Bg6 Qf6 16. Bxf7 Kxf7 17. Qd1 Nf5 18. Qf3 e5 19. O-O-O exd4 20.
exd4 Be6 21. g4 Nd6 22. Qxf6+ Kxf6 23. f3 b5 24. a3 a6 25. Rde1 Nb7 26. g5+ Kf7
27. Ne2 c5 28. Nf4 Bf5 29. Nxd5 cxd4 30. Re7+ Kg6 31. Rxb7 Rd8 32. Ne7+ Kxg5
33. Nxf5 Kxf5 34. Kd2 g5 35. Kd3 Kf4 36. Rh3 g4 37. Rf7+ Kg5 38. Rg7+ 1-0

[Event "Mittelfr. EM 2019 - NT"]
[Site "Nürnberg"]
[Date "2019.04.19"]
[Round "5.10"]
[White "Floegel, Marco"]
[Black "Meyer, Robert"]
[Result "1/2-1/2"]
[WhiteElo "1638"]
[BlackElo "1738"]
[PlyCount "45"]
[EventDate "2019.??.??"]
[WhiteTeam "SK Herzogenaurach"]
[BlackTeam "SC Stein"]

1. e4 e6 2. b3 d5 3. exd5 exd5 4. Nf3 Nf6 5. Bb2 g6 6. Nc3 c6 7. Ne5 Bg7 8. d4
O-O 9. Be2 Re8 10. Qd2 Be6 11. O-O-O Nbd7 12. f4 Nxe5 13. fxe5 Ng4 14. Bxg4
Bxg4 15. Rde1 Qh4 16. Kb1 Bh6 17. Qd3 Bf5 18. Qd1 Qg4 19. Qxg4 Bxg4 20. h3 Be6
21. Bc1 Bxc1 22. Kxc1 Rac8 23. Na4 1/2-1/2

[Event "Mittelfr. EM 2019 - NT"]
[Site "Nürnberg"]
[Date "2019.04.19"]
[Round "5.11"]
[White "Deschler, Arne"]
[Black "Schanz, Karlheinz"]
[Result "0-1"]
[WhiteElo "1710"]
[BlackElo "1877"]
[PlyCount "76"]
[EventDate "2019.??.??"]
[WhiteTeam "SC Noris-Tarrasch Nürnberg"]
[BlackTeam "SC Mühlhof-Reichelsdorf"]

1. e4 c5 2. Nc3 Nc6 3. g3 d6 4. Bg2 e5 5. d3 Be6 6. f4 g6 7. Nf3 Bg4 8. h3 Bd7
9. O-O Bg7 10. Be3 Nd4 11. Nd5 Ne7 12. fxe5 Nxd5 13. exd5 dxe5 14. c3 Nf5 15.
Bxc5 Nxg3 16. Re1 f6 17. d4 e4 18. Kf2 Kf7 19. Kxg3 exf3 20. Bxf3 Re8 21. Qb3
f5 22. Rxe8 Qg5+ 23. Kf2 Rxe8 24. d6+ Kf6 25. Qxb7 Qh4+ 26. Kg2 f4 27. Qxd7
Qg3+ 28. Kh1 Qxf3+ 29. Kg1 Qg3+ 30. Kf1 Qf3+ 31. Kg1 Re2 32. Qd8+ Kf7 33. Qd7+
Kg8 34. Qd8+ Bf8 35. Qxf8+ Kxf8 36. d7+ Kf7 37. d8=N+ Ke8 38. d5 Qg2# 0-1

[Event "Mittelfr. EM 2019 - NT"]
[Site "Nürnberg"]
[Date "2019.04.19"]
[Round "5.12"]
[White "Walter, Gabriele"]
[Black "Keller, Jan-Christopher"]
[Result "1-0"]
[WhiteElo "1576"]
[BlackElo "1399"]
[PlyCount "83"]
[EventDate "2019.??.??"]
[WhiteTeam "SV Lauf"]
[BlackTeam "SV Neustadt/Aisch"]

1. c4 c6 2. g3 d5 3. Bg2 Nf6 4. e3 Bf5 5. Ne2 e5 6. O-O Qd7 7. d4 e4 8. b3 g5
9. f3 Bh3 10. fxe4 Nxe4 11. cxd5 Bxg2 12. Kxg2 Qxd5 13. Kg1 Nd7 14. Nbc3 Qe6
15. d5 Qg6 16. dxc6 Qxc6 17. Nxe4 Qxe4 18. Qd4 Qxd4 19. Nxd4 h6 20. Nb5 Ke7 21.
Bb2 Rh7 22. Rad1 a6 23. Ba3+ Kd8 24. Bxf8 axb5 25. Rd2 Ke8 26. Bb4 f6 27. e4
Rf7 28. Rf5 Ne5 29. Bc3 Rc8 30. Bxe5 Rc5 31. Bb2 Rxf5 32. exf5 Kf8 33. Ba3+ Kg7
34. Rd5 b4 35. Bxb4 Rc7 36. a4 g4 37. Kf2 h5 38. Ke3 Kh6 39. Kf4 Rc2 40. Bd2
Rb2 41. Rd7 Rxb3 42. Ke4+ 1-0

[Event "Mittelfr. EM 2019 - NT"]
[Site "Nürnberg"]
[Date "2019.04.19"]
[Round "5.13"]
[White "Weigel, Rainer"]
[Black "Hummady, Pascha"]
[Result "0-1"]
[WhiteElo "1425"]
[BlackElo "1388"]
[PlyCount "60"]
[EventDate "2019.??.??"]
[WhiteTeam "SG Büchenbach/Roth"]
[BlackTeam "SC Noris-Tarrasch Nürnberg"]

1. d4 d5 2. c4 c6 3. cxd5 cxd5 4. Nc3 Nf6 5. Nf3 Nc6 6. e3 Bd7 7. Qb3 Rb8 8.
Nxd5 Qa5+ 9. Nc3 e6 10. Bd2 Bb4 11. Bd3 O-O 12. O-O Qh5 13. Rac1 Bd6 14. Be2 e5
15. Nxe5 Ng4 16. Nxg4 Bxg4 17. g3 Bxe2 18. Nxe2 Qxe2 19. Rc2 g5 20. Bb4 Nxd4
21. Bxd6 Nxc2 22. Bxf8 Kxf8 23. Rc1 Rc8 24. Qxb7 Rc4 25. Qxa7 Nxe3 26. Qb8+ Kg7
27. Qe5+ f6 28. Qe7+ Kg6 29. Qxe3 Qxe3 30. fxe3 Rxc1+ 0-1

[Event "Mittelfr. EM 2019 - NT"]
[Site "Nürnberg"]
[Date "2019.04.19"]
[Round "6.1"]
[White "Greul, Hans"]
[Black "Kellmann, Andreas"]
[Result "1/2-1/2"]
[WhiteElo "2015"]
[BlackElo "1901"]
[PlyCount "23"]
[EventDate "2019.??.??"]
[WhiteTeam "SK Schwabach"]
[BlackTeam "SG Büchenbach/Roth"]

1. d4 d5 2. e3 Nf6 3. c4 c6 4. Nc3 a6 5. Nf3 b5 6. b3 Bg4 7. Be2 e6 8. O-O Nbd7
9. Bb2 Bd6 10. h3 Bh5 11. Rc1 O-O 12. cxd5 1/2-1/2

[Event "Mittelfr. EM 2019 - NT"]
[Site "Nürnberg"]
[Date "2019.04.19"]
[Round "6.2"]
[White "Petrov, Mikhail"]
[Black "Luther, Helmut"]
[Result "1-0"]
[WhiteElo "1905"]
[BlackElo "2008"]
[PlyCount "38"]
[EventDate "2019.??.??"]
[WhiteTeam "SW Nürnberg Süd"]
[BlackTeam "SW Nürnberg Süd"]

1. d4 d5 2. c4 e6 3. Nc3 Nf6 4. Nf3 c6 5. Bg5 Nbd7 6. e3 Qa5 7. cxd5 Nxd5 8.
Qd2 Bb4 9. Rc1 h6 10. Bh4 O-O 11. Bd3 Re8 12. Bg3 c5 13. a3 Bxc3 14. bxc3 cxd4
15. cxd4 Qxa3 16. e4 N5f6 17. O-O a6 18. Bb1 b5 19. Rc3 Qb4 1-0

[Event "Mittelfr. EM 2019 - NT"]
[Site "Nürnberg"]
[Date "2019.04.19"]
[Round "6.3"]
[White "Babichev, Vyacheslav"]
[Black "Konsek, Peter"]
[Result "0-1"]
[WhiteElo "1783"]
[BlackElo "2062"]
[PlyCount "124"]
[EventDate "2019.??.??"]
[WhiteTeam "SW Nürnberg Süd"]
[BlackTeam "SW Nürnberg Süd"]

1. b3 e5 2. Bb2 Nc6 3. e3 Nf6 4. Bb5 Bd6 5. Na3 Na5 6. Be2 a6 7. Nc4 Nxc4 8.
Bxc4 O-O 9. Nf3 Qe7 10. O-O b5 11. Be2 Bb7 12. d3 c5 13. c4 b4 14. e4 Rfe8 15.
Bc1 Nh5 16. g3 g6 17. Nh4 Nf4 18. Bf3 Ne6 19. Bg2 Nd4 20. Nf3 Nc6 21. Bg5 f6
22. Bh6 Qf7 23. Be3 Bf8 24. Nh4 d6 25. Bh3 Qe7 26. Qd2 Nd4 27. f3 a5 28. Bxd4
exd4 29. a4 Bg7 30. Rae1 Qf8 31. f4 Bc8 32. Bg2 Ra7 33. e5 dxe5 34. fxe5 f5 35.
Nf3 h6 36. Nh4 Kh7 37. Nf3 Rae7 38. h4 Bxe5 39. Nxe5 Rxe5 40. Rxe5 Rxe5 41. g4
Re3 42. Qd1 Qe7 43. g5 hxg5 44. h5 g4 45. hxg6+ Kxg6 46. Qd2 Qe5 47. Rf2 Re1+
48. Bf1 Bb7 49. Rf4 Qe3+ 50. Qxe3 Rxe3 51. Rf2 Kg5 52. Rh2 Re7 53. Rh8 Kf4 54.
Rf8 Rh7 55. Bg2 Bxg2 56. Kxg2 g3 57. Rc8 Rh2+ 58. Kg1 Kf3 59. Rxc5 f4 60. Re5
Rg2+ 61. Kf1 Rc2 62. Re1 Rc3 0-1

[Event "Mittelfr. EM 2019 - NT"]
[Site "Nürnberg"]
[Date "2019.04.19"]
[Round "6.4"]
[White "Weißmann, Peter"]
[Black "Reichel, Rolf"]
[Result "0-1"]
[WhiteElo "1756"]
[BlackElo "1743"]
[PlyCount "82"]
[EventDate "2019.??.??"]
[WhiteTeam "SGem Fürth"]
[BlackTeam "SC Röthenbach/Pegnitz"]

1. e4 c5 2. Nf3 d6 3. d4 cxd4 4. Nxd4 Nc6 5. Nc3 a6 6. Bc4 e5 7. Nf3 Be7 8. O-O
Bg4 9. Be3 Nf6 10. a4 Qd7 11. Nd5 Nxd5 12. Bxd5 O-O 13. c3 Rfc8 14. h3 Be6 15.
Qd3 Bxd5 16. Qxd5 Qc7 17. a5 Nd8 18. Bb6 Qc4 19. Rfd1 Qxd5 20. Rxd5 Ne6 21. g3
Rc4 22. Nd2 Rc6 23. Kg2 Rac8 24. Nb3 Nc7 25. Rad1 Nxd5 26. exd5 Rc4 27. Nd2 Ra4
28. b3 Ra2 29. c4 Rb2 30. Kf3 f5 31. g4 Bg5 32. Be3 e4+ 33. Kg3 Bxe3 34. fxe3
g6 35. gxf5 gxf5 36. Kf4 Rf8 37. c5 dxc5 38. d6 Rd8 39. Nc4 Rf2+ 40. Ke5 Kf7
41. Rd5 Re8# 0-1

[Event "Mittelfr. EM 2019 - NT"]
[Site "Nürnberg"]
[Date "2019.04.19"]
[Round "6.5"]
[White "Schlötterer, Hermann"]
[Black "Cordts, Elof"]
[Result "1/2-1/2"]
[WhiteElo "1788"]
[BlackElo "1684"]
[PlyCount "74"]
[EventDate "2019.??.??"]
[WhiteTeam "Zabo-Eintracht Nürnberg"]
[BlackTeam "SC Erlangen"]

1. d4 Nf6 2. g3 c5 3. Nf3 cxd4 4. Nxd4 Nc6 5. Bg2 g6 6. Nc3 Bg7 7. O-O O-O 8.
e4 a6 9. a4 Qc7 10. h3 e6 11. Be3 Rd8 12. Qe2 Na5 13. Bg5 h6 14. Bc1 Qc4 15.
Rd1 Qxe2 16. Ndxe2 Nc6 17. Be3 d6 18. f4 Ne8 19. a5 Bd7 20. Na4 Nb4 21. Rd2
Bxa4 22. Rxa4 Nc6 23. c3 Nb8 24. e5 Nc6 25. Bb6 Rd7 26. Ra1 Bf8 27. Rad1 d5 28.
g4 Rc8 29. Nd4 Nxd4 30. Rxd4 Bc5 31. Bxc5 Rxc5 32. c4 Rxa5 33. cxd5 exd5 34.
Rxd5 Raxd5 35. Rxd5 Rxd5 36. Bxd5 b6 37. Kf2 Kf8 1/2-1/2

[Event "Mittelfr. EM 2019 - NT"]
[Site "Nürnberg"]
[Date "2019.04.19"]
[Round "6.6"]
[White "Ott, Hans"]
[Black "Diebel, Günter"]
[Result "0-1"]
[WhiteElo "1475"]
[BlackElo "1854"]
[PlyCount "110"]
[EventDate "2019.??.??"]
[WhiteTeam "Zabo-Eintracht Nürnberg"]
[BlackTeam "SW Nürnberg Süd"]

1. e4 c6 2. d4 d5 3. e5 e6 4. Nf3 h6 5. Bd3 c5 6. c3 c4 7. Bc2 Bd7 8. a4 a5 9.
b3 cxb3 10. Bxb3 Ne7 11. Na3 Nf5 12. Nb5 Bxb5 13. axb5 b6 14. O-O Nd7 15. Bc2
Nh4 16. g3 Nxf3+ 17. Qxf3 Rc8 18. Bd2 Be7 19. Qh5 Nf8 20. f4 g6 21. Qf3 h5 22.
Bd3 Rc7 23. Rac1 Nh7 24. c4 dxc4 25. Be4 O-O 26. Bc6 Ra7 27. Rxc4 Qb8 28. Rfc1
Rd8 29. Kh1 Kg7 30. d5 exd5 31. Bxd5 Bc5 32. Bc3 Re7 33. e6+ f6 34. Rd1 Qd6 35.
Re4 Bb4 36. Bb3 Qc7 37. Rc4 Rxd1+ 38. Qxd1 Qb7+ 39. Kg1 Bc5+ 40. Bd4 Bxd4+ 41.
Rxd4 Nf8 42. Rd6 Qe4 43. Qd5 Qe3+ 44. Kg2 h4 45. Kh3 hxg3 46. hxg3 Kh8 47. Bc4
Qf2 48. Qd3 Rh7+ 49. Kg4 Qh2 50. Kf3 Rh3 51. e7 Qxg3+ 52. Ke4 Qg2+ 53. Kd4 Qf2+
54. Kc3 Qe1+ 55. Kb2 Rh2+ 0-1

[Event "Mittelfr. EM 2019 - NT"]
[Site "Nürnberg"]
[Date "2019.04.19"]
[Round "6.7"]
[White "Süß, Helmut"]
[Black "Riexinger, Martin"]
[Result "0-1"]
[WhiteElo "1851"]
[BlackElo "1800"]
[PlyCount "64"]
[EventDate "2019.??.??"]
[WhiteTeam "SC Noris-Tarrasch Nürnberg"]
[BlackTeam "SW Nürnberg Süd"]

1. d4 Nf6 2. Bg5 e6 3. Nd2 Be7 4. Ngf3 d5 5. e3 O-O 6. Bd3 Nbd7 7. O-O h6 8.
Bh4 c5 9. c3 b6 10. b3 Bb7 11. a4 Rc8 12. Bxf6 Bxf6 13. Bb5 Rc7 14. Qe2 Qe7 15.
a5 Rfc8 16. Bxd7 Qxd7 17. axb6 axb6 18. e4 cxd4 19. cxd4 dxe4 20. Nxe4 Be7 21.
Rfd1 Qd5 22. Ned2 Rc2 23. Ne1 Bb4 24. Ra7 Bc6 25. Qe3 Bxd2 26. Rxd2 Rxd2 27.
Qxd2 Qxb3 28. Qf4 Be8 29. Ra1 Qb2 30. Rd1 Ba4 31. Rd2 Qb1 32. Re2 Bb5 0-1

[Event "Mittelfr. EM 2019 - NT"]
[Site "Nürnberg"]
[Date "2019.04.19"]
[Round "6.8"]
[White "Majid, Hakim"]
[Black "Walter, Manfred"]
[Result "0-1"]
[WhiteElo "1588"]
[BlackElo "1784"]
[PlyCount "90"]
[EventDate "2019.??.??"]
[WhiteTeam "SW Nürnberg Süd"]
[BlackTeam "SV Lauf"]

1. e4 d6 2. d4 Nf6 3. Nc3 e5 4. d5 Nbd7 5. Be3 Nc5 6. Bxc5 dxc5 7. Qe2 a6 8.
O-O-O Bd6 9. h3 b5 10. Qe3 Bd7 11. Nf3 b4 12. Ne2 O-O 13. Ng3 Qc8 14. Qg5 Re8
15. h4 Be7 16. Kb1 Nxe4 17. Qxe5 Nxf2 18. Nh5 Bf8 19. Qg5 Qd8 20. Bd3 Qxg5 21.
hxg5 Nxd1 22. Rxd1 Bg4 23. Nf4 Bd6 24. Ne2 Bh5 25. Neg1 Bg6 26. Bc4 a5 27. Bb5
Re4 28. Bc6 Rd8 29. Nd2 Rg4 30. Ngf3 Rxg2 31. Ba4 Rf2 32. Nh4 Bh5 33. Ne4 Rf4
34. Nf6+ Rxf6 35. gxf6 Bxd1 36. Nf5 gxf6 37. Ne3 Bf3 38. Nc4 Bxd5 39. Nxa5 Ra8
40. Bc6 Bxc6 41. Nxc6 Ra6 42. Nb8 Rb6 43. Nd7 Kg7 44. Kc1 Bf4+ 45. Kd1 Rd6+ 0-1

[Event "Mittelfr. EM 2019 - NT"]
[Site "Nürnberg"]
[Date "2019.04.19"]
[Round "6.9"]
[White "Schanz, Karlheinz"]
[Black "Floegel, Marco"]
[Result "0-1"]
[WhiteElo "1877"]
[BlackElo "1638"]
[PlyCount "84"]
[EventDate "2019.??.??"]
[WhiteTeam "SC Mühlhof-Reichelsdorf"]
[BlackTeam "SK Herzogenaurach"]

1. e4 d5 2. exd5 Nf6 3. d4 Nxd5 4. c4 Nf6 5. Be2 Bf5 6. Nc3 e6 7. a3 Nbd7 8.
Bf3 c6 9. Be3 e5 10. d5 cxd5 11. Nxd5 e4 12. Be2 Be6 13. Nf4 Qa5+ 14. b4 Qe5
15. Nxe6 Qxe6 16. Qc2 Bd6 17. c5 Be5 18. Rd1 O-O 19. h3 Nd5 20. Bd4 f5 21. Bc4
N7f6 22. Ne2 Kh8 23. Qb3 Rad8 24. O-O f4 25. Nxf4 Qf5 26. Bxe5 Nxf4 27. Bxf4
Qxf4 28. Qe3 Qf5 29. Rd4 Rde8 30. Rfd1 Nh5 31. g4 Qg6 32. Bb5 Re6 33. Rd8 Ref6
34. Rxf8+ Rxf8 35. Rd6 Nf6 36. Qd4 h5 37. Be2 Qg5 38. Qe3 Qe5 39. g5 Nd5 40.
Qd2 Nf4 41. h4 Nh3+ 42. Kg2 Rxf2+ 0-1

[Event "Mittelfr. EM 2019 - NT"]
[Site "Nürnberg"]
[Date "2019.04.19"]
[Round "6.10"]
[White "Meyer, Robert"]
[Black "Schaller, Michael"]
[Result "1/2-1/2"]
[WhiteElo "1738"]
[BlackElo "1328"]
[PlyCount "79"]
[EventDate "2019.??.??"]
[WhiteTeam "SC Stein"]
[BlackTeam "SW Nürnberg Süd"]

1. d4 d5 2. g3 Nf6 3. Bg2 e6 4. Nf3 Be7 5. O-O O-O 6. Nbd2 b6 7. c4 Ba6 8. cxd5
exd5 9. Re1 c5 10. e4 dxe4 11. Nxe4 Nbd7 12. dxc5 Nxc5 13. Nxc5 Qxd1 14. Rxd1
Bxc5 15. Be3 Bxe3 16. fxe3 Ng4 17. Re1 Rae8 18. e4 Ne5 19. Nxe5 Rxe5 20. Re3
Bb7 21. Rae1 Rd8 22. Kf2 Rd2+ 23. R1e2 Rxe2+ 24. Kxe2 f5 25. Kd3 Kf7 26. Bf3
Kf6 27. Kd4 g6 28. b4 b5 29. h3 h5 30. h4 Bxe4 31. Bxe4 Rxe4+ 32. Rxe4 fxe4 33.
Kxe4 g5 34. hxg5+ Kxg5 35. Kf3 Kf5 36. Kf2 Kg4 37. Kg2 Kf5 38. Kf3 Kg5 39. Kf2
Kg4 40. Kg2 1/2-1/2

[Event "Mittelfr. EM 2019 - NT"]
[Site "Nürnberg"]
[Date "2019.04.19"]
[Round "6.11"]
[White "Walter, Gabriele"]
[Black "Gajewski, Richard"]
[Result "1-0"]
[WhiteElo "1576"]
[BlackElo "1681"]
[PlyCount "101"]
[EventDate "2019.??.??"]
[WhiteTeam "SV Lauf"]
[BlackTeam "Wolframs-Eschenbach"]

1. g3 d5 2. Bg2 e5 3. c4 d4 4. d3 c6 5. e3 Bc5 6. a3 a5 7. Nf3 Nd7 8. O-O Ne7
9. Re1 Nf5 10. exd4 Bxd4 11. Nxd4 Nxd4 12. b3 O-O 13. Bb2 Qb6 14. Nd2 f6 15.
Bc3 Rd8 16. b4 a4 17. Ne4 Nf8 18. Nc5 Qa7 19. Ne4 Bf5 20. c5 Qa6 21. Rb1 Nfe6
22. Bf1 Rd7 23. Nd6 Bg6 24. Nc4 Re7 25. Nb6 Rd8 26. Nxa4 Ng5 27. Bxd4 Rxd4 28.
Re3 Red7 29. Nb6 Rd8 30. Qb3+ Bf7 31. Qc3 Qa7 32. Nc4 Qb8 33. Nd6 Be6 34. a4
Qc7 35. a5 Qd7 36. b5 Rxd6 37. cxd6 Qxd6 38. Bg2 Bd5 39. Bxd5+ Qxd5 40. Qc4
Nh3+ 41. Kf1 Kf8 42. Qxd5 cxd5 43. a6 bxa6 44. bxa6 Ra8 45. Ra1 Ng5 46. Re2 Ne6
47. a7 Nd8 48. Rc2 Ke8 49. Rc7 Ne6 50. Rb7 Nd8 51. Rb8 1-0

[Event "Mittelfr. EM 2019 - NT"]
[Site "Nürnberg"]
[Date "2019.04.19"]
[Round "6.12"]
[White "Hummady, Pascha"]
[Black "Deschler, Arne"]
[Result "1/2-1/2"]
[WhiteElo "1388"]
[BlackElo "1710"]
[PlyCount "41"]
[EventDate "2019.??.??"]
[WhiteTeam "SC Noris-Tarrasch Nürnberg"]
[BlackTeam "SC Noris-Tarrasch Nürnberg"]

1. e4 e5 2. Nf3 Nc6 3. Bc4 Bc5 4. c3 d6 5. h3 Be6 6. Bb3 h6 7. Bc2 Nge7 8. d4
exd4 9. cxd4 Bb4+ 10. Bd2 Bxd2+ 11. Nbxd2 d5 12. e5 Nf5 13. Nf1 Nce7 14. N1h2
c6 15. O-O O-O 16. Ng4 Ng6 17. h4 Nfxh4 18. Nxh4 Bxg4 19. Qxg4 Qxh4 20. Qxh4
Nxh4 21. f4 1/2-1/2

[Event "Mittelfr. EM 2019 - NT"]
[Site "Nürnberg"]
[Date "2019.04.20"]
[Round "7.1"]
[White "Greul, Hans"]
[Black "Petrov, Mikhail"]
[Result "1-0"]
[WhiteElo "2015"]
[BlackElo "1905"]
[PlyCount "121"]
[EventDate "2019.??.??"]
[WhiteTeam "SK Schwabach"]
[BlackTeam "SW Nürnberg Süd"]

1. d4 Nf6 2. c4 e6 3. Nf3 b6 4. Nc3 Bb4 5. Bd2 O-O 6. e3 d5 7. cxd5 exd5 8. Be2
Bf5 9. O-O Nbd7 10. Qb3 Bxc3 11. Bxc3 a5 12. Bb5 Nb8 13. Ne5 Qd6 14. Qa4 Bd7
15. Nxd7 Nfxd7 16. Bd3 Nf6 17. h3 c6 18. a3 Nbd7 19. Qc2 b5 20. Qd2 Qc7 21. f3
Rfe8 22. Rae1 Qb6 23. g4 h6 24. Kg2 Kh8 25. h4 Ng8 26. Bb1 Re6 27. Qd3 Nf8 28.
b3 Qd8 29. Rh1 Qe7 30. Qd2 Qd8 31. Bf5 Re7 32. Kf2 Rb7 33. Bb1 Qb6 34. Bb2 b4
35. a4 Re7 36. Qc2 Re6 37. Qf5 Rf6 38. Qd3 Re6 39. Bc1 Rae8 40. Re2 Qd8 41. Rc2
Nf6 42. Bd2 N6d7 43. Kg3 Qc7+ 44. Kg2 Qd8 45. Kh3 Ng6 46. Kg3 Qc7+ 47. Kg2 Nf6
48. h5 Nf8 49. Rhc1 N6h7 50. Rc5 Ng5 51. Rxd5 Ne4 52. fxe4 Qe7 53. Rf5 g6 54.
hxg6 fxg6 55. Rf4 g5 56. Rf5 Ng6 57. Rh1 Nh4+ 58. Kg3 Nxf5+ 59. gxf5 Rxe4 60.
Rxh6+ Kg7 61. f6+ 1-0

[Event "Mittelfr. EM 2019 - NT"]
[Site "Nürnberg"]
[Date "2019.04.20"]
[Round "7.2"]
[White "Reichel, Rolf"]
[Black "Kellmann, Andreas"]
[Result "1-0"]
[WhiteElo "1743"]
[BlackElo "1901"]
[PlyCount "125"]
[EventDate "2019.??.??"]
[WhiteTeam "SC Röthenbach/Pegnitz"]
[BlackTeam "SG Büchenbach/Roth"]

1. e4 d5 2. exd5 Qxd5 3. Nc3 Qd8 4. d4 Nf6 5. Nf3 Bg4 6. Be2 e6 7. h3 Bxf3 8.
Bxf3 c6 9. O-O Bd6 10. Bg5 Nbd7 11. Qe2 Qc7 12. Rad1 O-O 13. Rfe1 Rfe8 14. Ne4
Nxe4 15. Bxe4 Bf4 16. Bxh7+ Kh8 17. Bxf4 Qxf4 18. Bd3 Nf6 19. c3 Rad8 20. g3
Qh6 21. Kg2 g6 22. Qe5 Kg7 23. Qe3 Qh7 24. Qg5 Rh8 25. Rh1 Rd5 26. Qe3 Rh5 27.
h4 Ra5 28. a3 Rd8 29. Be2 Rad5 30. Bf3 Rb5 31. Rb1 Kf8 32. c4 Rb6 33. Qe5 Ke7
34. b4 Ra6 35. Qc5+ Rd6 36. b5 b6 37. Qb4 cxb5 38. cxb5 Ra5 39. Rbc1 Ne8 40.
Rc8 Qh8 41. Bc6 Qxd4 42. Rxe8+ Kf6 43. Qxd4+ Rxd4 44. h5 gxh5 45. Rxh5 Rxa3 46.
Rh4 Raa4 47. Reh8 e5 48. R4h7 Rg4 49. Rf8 Rg7 50. Rh6+ Kg5 51. Rd6 a6 52. bxa6
Rxa6 53. Be8 Rg6 54. Rxg6+ fxg6 55. Rg8 Ra8 56. Bf7 Ra7 57. Bxg6 Kf6 58. Bd3
Ra3 59. Be2 e4 60. Re8 Kf5 61. g4+ Kf4 62. Rf8+ Ke5 63. g5 1-0

[Event "Mittelfr. EM 2019 - NT"]
[Site "Nürnberg"]
[Date "2019.04.20"]
[Round "7.4"]
[White "Luther, Helmut"]
[Black "Babichev, Vyacheslav"]
[Result "1-0"]
[WhiteElo "2008"]
[BlackElo "1783"]
[PlyCount "69"]
[EventDate "2019.??.??"]
[WhiteTeam "SW Nürnberg Süd"]
[BlackTeam "SW Nürnberg Süd"]

1. d4 d5 2. Nf3 Bg4 3. g3 Bxf3 4. exf3 e6 5. Bg2 Nf6 6. O-O Be7 7. c3 Nbd7 8.
Re1 O-O 9. Qd3 Re8 10. Nd2 Bf8 11. f4 g6 12. Nf3 Bg7 13. Ne5 Nf8 14. b3 c6 15.
Bd2 Rc8 16. a4 N8d7 17. b4 Nxe5 18. fxe5 Nd7 19. h4 h6 20. Bf1 b6 21. Qf3 Rc7
22. Bd3 Rf8 23. Bf4 c5 24. Rac1 c4 25. Bc2 a6 26. Qe3 Kh8 27. Bxh6 Bxh6 28.
Qxh6+ Kg8 29. h5 Qe8 30. Kg2 f5 31. exf6 Rxf6 32. hxg6 Nf8 33. Rh1 Nxg6 34.
Bxg6 Rxg6 35. Qh8+ 1-0